| 000 | 00506nam a2200193Ia 4500 | ||
|---|---|---|---|
| 005 | 20250326144428.0 | ||
| 008 | 250326s9999 xx 000 0 und d | ||
| 037 | _aTextbook | ||
| 040 |
_aFMSL _beng _cFMSL |
||
| 041 |
_aeng _2eng |
||
| 084 |
_aXob28 P9 _qFMSL |
||
| 100 |
_aWooldridge J M _9749637 |
||
| 245 | 0 |
_aEconometrics _cWooldridge J M |
|
| 260 |
_aUS _bUS, Cengage Learning _c2009 |
||
| 365 | _b433 | ||
| 650 | _aEconomics | ||
| 942 |
_cTB _hXob28 P9 |
||
| 999 |
_c1303662 _d1303662 |
||